In the beginning: (Record no. 17161)

000 -LEADER
fixed length control field 00592nam a2200169 a 4500
001 - CONTROL NUMBER
control field :::00020886$&:&@@
003 - CONTROL NUMBER IDENTIFIER
control field OkBaRHE
005 - DATE AND TIME OF LATEST TRANSACTION
control field 20040131143628.0
008 - FIXED-LENGTH DATA ELEMENTS--GENERAL INFORMATION
fixed length control field s1994 j 000 0 eng u
040 ## - CATALOGING SOURCE
Transcribing agency
100 1# - MAIN ENTRY--PERSONAL NAME
Personal name Martin, Larry
245 10 - TITLE STATEMENT
Title In the beginning:
Remainder of title readings on the origins of the twentieth century pentecostal revival and the birth of the pentecostal church of God.
260 ## - PUBLICATION, DISTRIBUTION, ETC. (IMPRINT)
Place of publication, distribution, etc Duncan, OK
Name of publisher, distributor, etc Christian Life Books
Date of publication, distribution, etc 1994
300 ## - PHYSICAL DESCRIPTION
Extent 138 p.
942 ## - ADDED ENTRY ELEMENTS (KOHA)
Source of classification or shelving scheme
Koha item type Books
Copies
Barcode Lost status Date last seen Price effective from Shelving location Withdrawn status Source of classification or shelving scheme Full call number Date acquired Koha item type Not for loan Permanent Location Damaged status Copy number
20886 2010-04-142010-04-14General Stacks  BX 8762 .M32010-04-14Books RHEMA Bible Training College 1